<The> Machine That Changed the World
Salvato in:
| Autore principale: | |
|---|---|
| Altri autori: | , |
| Natura: | Libro |
| Lingua: | inglese |
| Pubblicazione: |
New York
Rawson Associates
1990
|
| Edizione: | 1. ed. |
| Soggetti: | |
| Tags: |
Nessun Tag, puoi essere il primo ad aggiungerne!!
|
MARC
| LEADER | 00000nam a2200000 4500 | ||
|---|---|---|---|
| 001 | c019697 | ||
| 005 | 20221206123009.3 | ||
| 020 | |a 0-89256-350-8 | ||
| 041 | 0 | |a eng | |
| 044 | |a US | ||
| 245 | 1 | 0 | |a <The> Machine That Changed the World |c James P. Womack, Daniel T. Jones, Daniel Roos |
| 250 | |a 1. ed. | ||
| 264 | 1 | |a New York |b Rawson Associates |c 1990 | |
| 300 | |a 323 s. | ||
| 610 | 2 | 0 | |a priemysel strojársky |
| 610 | 2 | 0 | |a strojárstvo dopravné |
| 610 | 2 | 0 | |a automobily |
| 610 | 2 | 0 | |a priemysel |
| 610 | 2 | 0 | |a priemysel automobilový |
| 610 | 2 | 0 | |a výskum |
| 610 | 2 | 0 | |a USA |
| 610 | 2 | 0 | |a Japonsko |
| 100 | 1 | |a Womack, James P. | |
| 700 | 1 | |a Jones, Daniel | |
| 700 | 1 | |a Roos, Daniel | |